24 CTU analysts Quiz Stats

Quiz not verified by Sporcle

Challenge
Share
Tweet
Embed
Score 0/14 Timer 10:00
0 Plays Today
Hint Answer % Correct
Season 1Nina Myers
76.5%
Season 6Morris O'Brian
60%
Season 8Arlo Glass
60%
Season 3Kim Bauer
58.8%
Seasons 1-2Tony Almeida
47.1%
Seasons 4-5Edgar Stiles
47.1%
Season 1Jamey Farrell
41.2%
Hint Answer % Correct
Seasons 1 and 6Milo Pressman
35.3%
Seasons 1-6Chloe O'Brian
29.4%
Season 5Spensor Wolff
29.4%
Season 5Audrey Raines
20%
Season 6Nadia Yassir
20%
Season 3Adam Kauffman
5.9%
Season 4Sarah Gavin
5.9%

You're not logged in!

Compare scores with friends on all Sporcle quizzes.
Sign Up with Email
OR
Log In

You Might Also Like...

Show Comments

Extras

Top Quizzes Today


Score Distribution

Your Account Isn't Verified!

In order to create a playlist on Sporcle, you need to verify the email address you used during registration. Go to your Sporcle Settings to finish the process.

Report this User

Report this user for behavior that violates our Community Guidelines.

Details: